| 000 | 00000nam##2200000za#4500 |
| 001 | 9.684157 |
| 003 | CaOODSP |
| 005 | 20250319165015 |
| 007 | ta |
| 008 | 150407|2008||||xxc||||| f|0| 0 fre|d |
| 020 | |a978-0-662-08407-5 |
| 040 | |aCaOODSP|bfre |
| 043 | |an-cn--- |
| 086 | 1 |aSG5-18/2008F |
| 110 | 1 |aCanada. |bService Canada. |
| 245 | 10|aGuide des services pour les aînés : |bguide des services offerts par le gouvernement du Canada aux aînés et à leur famille |
| 260 | |aOttawa - Ontario : |bService Canada |cc2008. |
| 300 | |a21p. ; |c28 cm. |
| 520 | 3 |aPrésente des renseignements, des programmes et des services qui peuvent intéresser les aînés et les personnes qui se préparent à la retraite. Vous y trouverez de l’information sur les services et prestations auxquels vous avez peut-être droit. |
| 563 | |aCouverture souple |
| 590 | |a08-41|b2008-10-10 |
| 691 | 07|aAîné|2gcpds |
| 691 | 07|aServices gouvernementaux|2gcpds |
| 775 | 08|tServices for seniors guide : |w(CaOODSP)9.651106 |
| 776 | 0#|tGuide des services pour les aînés : |w(CaOODSP)9.635809 |
| 776 | 0#|tGuide des services pour les aînés : |w(CaOODSP)9.684158 |
| 986 | |aISBP344-03-08 F |